|
|
|
|
| LEADER |
00000nam a2200000 4500 |
| 001 |
vtls012278420 |
| 003 |
SK-MaSNL |
| 005 |
20260301152348.0 |
| 008 |
250620s2022 rb o n 100 0 slo |
| 020 |
|
|
|a 9788689009446
|q (brožované)
|
| 040 |
|
|
|a SNK
|b slo
|c SNK
|e rda
|
| 041 |
0 |
|
|a slo
|
| 044 |
|
|
|a rb
|c RS
|
| 072 |
|
7 |
|a 316.7
|x Sociológia kultúry. Kultúrny život
|2 konspekt
|
| 080 |
|
|
|a 316.7:061
|2 2011
|
| 245 |
0 |
0 |
|a Matica slovenská v Srbsku
|b poslanie, vízia, budúcnosť : zborník prác
|
| 264 |
|
1 |
|a Báčsky Petrovec
|b Matica slovenská v Srbsku
|c 2022
|
| 300 |
|
|
|a 32 strán
|b fotografie
|c 21 cm
|
| 336 |
|
|
|a text
|b txt
|2 rdacontent
|
| 337 |
|
|
|a bez média
|b n
|2 rdamedia
|
| 338 |
|
|
|a zväzok
|b nc
|2 rdacarrier
|
| 366 |
|
|
|e 300 kusov
|
| 500 |
|
|
|a Beseda sa konala za okrúhlym stolom
|
| 500 |
|
|
|a Obsahuje poznámky pod čiarou
|
| 504 |
|
|
|a Obsahuje bibliografiu
|
| 650 |
0 |
7 |
|a kultúrne inštitúcie a organizácie
|2 SNKPH
|9 112538
|
| 650 |
0 |
7 |
|a Cultural institutions
|2 SNKPHeng
|9 266533
|
| 655 |
|
7 |
|a zborníky konferencií
|2 SNKPH
|9 70153
|
| 655 |
|
7 |
|a Jubilee books
|2 SNKPHeng
|9 281827
|
| 655 |
|
7 |
|a jubilejné publikácie
|2 SNKPH
|9 70339
|
| 655 |
|
7 |
|a Proceedings of conferences
|2 SNKPHeng
|9 265791
|
| 700 |
1 |
|
|a Kulík, Branislav,
|d 1987-
|4 edt
|9 247897
|
| 852 |
|
|
|a Slovenská národná knižnica
|
| 919 |
|
|
|a 978-86-89009-44-6
|
| 954 |
|
|
|a odborná, vedecká literatúra pôvodná (slovenská)
|2 lita
|
| 958 |
|
|
|a ZS
|
| 958 |
|
|
|a NB
|
| 958 |
|
|
|a NM
|
| 999 |
|
|
|c 789039
|d 790969
|
| 952 |
|
|
|a SNK
|b SNK
|y NEVYP
|7 1
|p 17A1577306
|o snkSC 212091
|i snk2025/15598
|8 2
|g 4.56
|0 0
|1 0
|4 0
|d 2025-06-20
|l 0
|r 2026-02-24 01:31:12
|w 2026-02-24
|